00330nam a2200157Ia 4500003000900000008004100009040001300050040001300063100001300076100000800089245003300097250001000130260001800140300000800158490000600166IT-RoPAU120407s9999 xx 000 0 und d aIT-RoPAU cIT-RoPAU aGirolamo csan aCommento al Vangelo di Marco aRoma  aCittà Nuova c cm v1